Využitie metód manažérstva kvality (TPM a FMEA) pre zvyšovanie účinnosti SMK

Na minha lista:
Detalhes bibliográficos
Autor principal: Krchlík, Peter, 1985- (Author)
Outros Autores: Hekelová, Edita, 1954- (Thesis advisor)
Formato: Manuscrito Livro
Idioma:eslovaco
Publicado em: Bratislava : STU v Bratislave SjF, 2010
Assuntos:
Acesso em linha:VAIS
Tags: Adicionar Tag
Sem tags, seja o primeiro a adicionar uma tag!

MARC

LEADER 00000ntm a22000003a 4500
001 stu218806
005 20150617230116.3
008 101207s2010----xo------------------slo-d
040 |a STU  |b slo 
041 0 |a slo 
044 |a xo 
100 1 |a Krchlík, Peter,  |d 1985-  |4 aut  |u J0070  |U SjF Strojnícka fakulta  |T SjF Ústav výrobných systémov, enviromentálnej techniky a manažment kvality  |X 40933  |U J0070  |Y 804  |7 A000040933 
242 0 0 |a Application of quality management methods (TPM a FMEA) for the effecti veness increase of SMK  |y eng 
245 1 |a Využitie metód manažérstva kvality (TPM a FMEA) pre zvyšovanie účinnosti SMK 
260 |a Bratislava :  |b STU v Bratislave SjF,  |c 2010 
650 7 |a kvalita produkcie v strojárskych podnikoch  |2 stusub 
650 7 |a Quality of Production in Engineering Enterprises  |2 estusub 
650 7 |a TPM  |2 stusub 
650 7 |a SMK  |2 stusub 
700 1 |a Hekelová, Edita,  |d 1954-  |4 ths  |u J0070  |U SjF Strojnícka fakulta  |T SjF Ústav výrobných systémov, enviromentálnej techniky a manažment kvality  |X 2429  |U J0070  |Y 804  |7 A000002429 
856 4 |a info a plný text  |u http://is.stuba.sk/zp/portal_zp.pl?podrobnosti=74378  |3 VAIS 
996 |b 284J039064  |c J*932/DP  |l JJSK  |s A  |a 24  |w stu218806_0001